Panorama de los museos españoles y cuestiones museológicas / (Record no. 112666)

MARC details
000 -LEADER
campo de control de longitud fija 00555nam a2200169 4500
001 - NÚMERO DE CONTROL
campo de control 112666
003 - IDENTIFICADOR DE NÚMERO DE CONTROL
campo de control ES-MaACL
005 - FECHA Y HORA DE LA ÚLTIMA TRANSACCIÓN
campo de control 20230906185605.0
007 - CAMPO FIJO DE DESCRIPCIÓN FÍSICA--INFORMACIÓN GENERAL
campo de control de longitud fija t|
008 - DATOS DE LONGITUD FIJA--INFORMACIÓN GENERAL
campo de control de longitud fija 061121s1973 sp r ||||1| spa d
100 1# - ENTRADA PRINCIPAL--NOMBRE DE PERSONA
Nombre de persona Nieto Gallo, Gratiniano.
9 (RLIN) 85689
245 10 - MENCIÓN DEL TÍTULO
Título Panorama de los museos españoles y cuestiones museológicas /
Mención de responsabilidad, etc. Gratiniano Nieto Gallo.
260 ## - PUBLICACIÓN, DISTRIBUCIÓN, ETC.
Lugar de publicación, distribución, etc. Madrid :
Nombre del editor, distribuidor, etc. Asociación Nacional de Bibliotecarios, Archiveros y Arqueólogos,
Fecha de publicación, distribución, etc. 1973.
300 ## - DESCRIPCIÓN FÍSICA
Extensión 98 p. ;
Dimensiones 24 cm.
710 2# - ENTRADA AGREGADA--NOMBRE DE ENTIDAD CORPORATIVA
Nombre de entidad corporativa o nombre de jurisdicción como elemento de entrada ANABAD.
9 (RLIN) 1389
852 ## - LOCALIZACIÓN
Ubicación ES-MaACL
Número de control de estantería C-54659
Sublocalización o colección R.87532
Holdings
Estatus retirado Estado de pérdida Estado de daño No para préstamo Biblioteca de origen Biblioteca actual Ubicación en estantería Fecha de adquisición Fuente de adquisición Total de préstamos Signatura topográfica completa Código de barras Visto por última vez Precio de reemplazo Tipo de ítem Koha
        Biblioteca del Ateneo de Madrid Biblioteca del Ateneo de Madrid Depósito 2 17/01/2008     C-54659 1117522 23/02/2023 23/02/2023 Libro impreso